00901nam a2200241 a 450000100060000000300080000600500170001400800410003102000150007203500190008704000390010608200230014524500860016826000440025430000400029850400500033865100290038870000410041770000300045894200120048899900170050095201420051735246BD-RjUL20211209052303.0140522s1978 ja ac b 001 0ceng d a0870404318 a(BD-RjUL)35340 cBD-RjULdBD-RjULaBD-RjULbBD-RjUL a301.952bGRE 197800aGreat historical figures of Japan /cedited by Murakami Hyoe and Thomas J. Harper aTokyo :bJapan Culture Institute,c1978 axii, 327 p. :bill., ports ;c22 cm aIncludes bibliographical references and index 0aJapanxBiography91026451 aMurakami, Hyōe,d1923-200391073891 aHarper, Thomas J.9107390 2ddccBK c35246d35246 00102ddc40718NFICaRUCLbRUCLcReadingd1979-04-24eJapan foundationl0o301.952 GRE 1978r2014-05-22 00:00:00tC-1w2014-05-22yBK